International journal of engineering and techical mathematics (Record no. 38313)

MARC details
000 -LEADER
fixed length control field 00492nam a2200169Ia 4500
022 ## - INTERNATIONAL STANDARD SERIAL NUMBER
ISSN 22775667
050 ## - CALL MARK
Classification number TA 1 .I58/
245 #0 - TITLE STATEMENT
Title International journal of engineering and techical mathematics
260 ## - PUBLICATION, DISTRIBUTION, ETC. (IMPRINT)
Place of publication Ikot Ekpene
260 ## - PUBLICATION, DISTRIBUTION, ETC. (IMPRINT)
Name of publisher IJETM
260 ## - PUBLICATION, DISTRIBUTION, ETC. (IMPRINT)
Year of publication 2018
300 ## - PHYSICAL DESCRIPTION
Number of Pages xvii, 165 p. :ill. ; 26 cm.
650 ## - SUBJECT ADDED ENTRY--TOPICAL TERM
Topical Term Engineering--Periodicals. Mathematics--Periodicals. Science--Periodicals.
942 ## - ADDED ENTRY ELEMENTS (KOHA)
Koha item type Serials

No items available.